| 000 | 00000nam##2200000za#4500 |
| 001 | 9.644275 |
| 003 | CaOODSP |
| 005 | 20210624224551 |
| 007 | cr ||||||||||| |
| 008 | 150407|1985||||xxc|||||o f|0| 0 fre|d |
| 040 | |aCaOODSP|bfre |
| 043 | |an-cn--- |
| 086 | 1 |aA43-1796/1985F-PDF |
| 110 | 1 |aCanada.|bAgriculture Canada. |bDirection générale des communications. |
| 245 | 10|aMaladie vésiculeuse du porc – Gare aux maladies exotiques |h[ressource électronique] |
| 260 | |aOttawa - Ontario : |bAgriculture Canada. |cc1985. |
| 300 | |a8p.|bill. en couleur |
| 500 | |aPublication historique numérisée par Agriculture et Agroalimentaire Canada. |
| 590 | |a15-03-Supp|b2015-03-13 |
| 691 | 07|aMaladie des plantes|2gcpds |
| 775 | 08|tSwine vesicular disease – Outbreak alert |w(CaOODSP)9.700379 |
| 856 | 40|ahttp://publications.gc.ca|qPDF|s501 Ko|uhttps://publications.gc.ca/collections/collection_2015/aac-aafc/A43-1796-1985-fra.pdf |
| 986 | |aPublication 1796/F |